00293nam a2200121Ia 4500003000400000008004100004082001600045100001800061245003900079260003400118300001100152650000800163OSt191201s2015 xx 000 0 und d a658.8 bVAI aVARSHNEY,R.L. 0aInternational Marketing Management aNew DelhibSultan chandc2015 a708+82 aBBA